000 00955nas a2200325 4500
001 BR2013006633
003 BR-BrBNA
005 20231205122809.0
007 ta
008 230509b bl.|||p| |||| 00| 00por d
040 _aBR-BrBNA
_bpor
_cBiblioteca Nacional de Agricultura
041 _a(Pt)
072 _aK10; P33; P34
100 1 _aNunes, L.A.P.L.
100 1 _aAraújo Filho, J.A. de
100 1 _aMenezes, R.I. de Q.
245 1 _aImpacto da queimada e do pousio sobre a qualidade de um solo sob caatinga no semi-árido nordestino
650 _aMILHO
650 _aFEIJÃO
650 _aCAATINGA
650 _aQUEIMADA
650 _aPOUSIO
650 _aQUÍMICA DO SOLO
650 _aFÍSICA DO SOLO
650 _aQUALIDADE
650 _aFAUNA EDÁFICA
773 0 _tCaatinga (Brazil)
_xISSN 0100-316X
_g(Apr-Jun 2006), v. 19(2) p. 200-208
_wBR2013006633
909 _a202311
_bLúcia
_c55
_dLúcia Elande
942 _2AGRIS
_n0
_cANA
999 _c230607
_d230607